[Event "Aragon-ch Seniors 50+"]
[Site "Zaragoza"]
[Date "2019.06.08"]
[Round "8"]
[White "Domingo Romance, Agustin"]
[Black "Lebron Duran, Jose Maria"]
[Result "1-0"]
[WhiteElo "1709"]
[BlackElo "1784"]
[PlyCount "147"]
[EventDate "2019.04.27"]
[EventType "swiss"]
[EventRounds "8"]
[EventCountry "ESP"]
[SourceTitle "EXT 2020"]
[Source "ChessBase"]
[SourceDate "2019.10.17"]
[SourceVersion "1"]
[SourceVersionDate "2019.10.17"]
[SourceQuality "1"]

1. e4 e5 2. Nf3 Nc6 3. d4 exd4 4. Nxd4 Bc5 5. Nxc6 Qf6 6. Qe2 Qxc6 7. Nc3 Nf6 8. Be3 Bb4 9. Bd4 Qe6 10. f3 a6 11. g3 0-0 12. Bg2 d5 13. 0-0 c6 14. a3 Be7 15. e5 Nd7 16. f4 f5 17. Rad1 Bc5 18. Bxc5 Nxc5 19. Nxd5 Qf7 20. Nb6 Rb8 21. b4 Ne4 22. Bxe4 fxe4 23. Qxe4 Bf5 24. Qe3 Bg4 25. Rd2 Rbd8 26. Re1 Be6 27. Na4 Qh5 28. Nc5 Rxd2 29. Qxd2 Bd5 30. Qe2 Bf3 31. Qd2 Bd5 32. Qe3 Qh3 33. Ne4 Kh8 34. Qf2 h6 35. Nc3 Bc4 36. Qg2 Qg4 37. Qe4 Be6 38. Rf1 Bf5 39. Qg2 Rd8 40. Ne4 Rd4 41. Nf2 Qe2 42. Nd3 Qh5 43. Qf2 Rc4 44. Re1 Qf7 45. e6 Bxe6 46. Ne5 Qf5 47. Nxc4 Bxc4 48. Qe3 Bd5 49. c4 Bxc4 50. Qe8+ Bg8 51. Qe5 Qd3 52. Re3 Qd1+ 53. Kg2 Qc2+ 54. Kh3 Qd1 55. Kh4 Bf7 56. g4 Qg1 57. h3 Qf2+ 58. Rg3 Qd2 59. g5 Qd8 60. Kg4 h5+ 61. Kh4 Kh7 62. f5 g6 63. fxg6+ Bxg6 64. Re3 Kg8 65. Qe6+ Bf7 66. Qf6 Qd2 67. Rf3 Qe1+ 68. Rf2 Qe4+ 69. Qf4 Qe6 70. Qxf7+ Qxf7 71. Rxf7 Kxf7 72. Kxh5 Kg7 73. Kg4 b6 74. Kf4 1-0

[Event "Aragon-ch Seniors 50+"]
[Site "Zaragoza"]
[Date "2019.05.11"]
[Round "4"]
[White "Ocabo Vera, Pedro Aristides"]
[Black "Lebron Duran, Jose Maria"]
[Result "0-1"]
[WhiteElo "1775"]
[BlackElo "1784"]
[PlyCount "102"]
[EventDate "2019.04.27"]
[EventType "swiss"]
[EventRounds "8"]
[EventCountry "ESP"]
[SourceTitle "EXT 2020"]
[Source "ChessBase"]
[SourceDate "2019.10.17"]
[SourceVersion "1"]
[SourceVersionDate "2019.10.17"]
[SourceQuality "1"]

1. d4 Nf6 2. Bf4 e6 3. e3 b6 4. Bd3 Bb7 5. Nf3 g6 6. Nbd2 Bg7 7. c4 d6 8. Be2 0-0 9. h3 Nbd7 10. 0-0 Re8 11. Rc1 h6 12. b4 e5 13. Bh2 Qe7 14. Nb3 Ne4 15. d5 f5 16. Qc2 Ndf6 17. Rfd1 Rac8 18. b5 Rf8 19. Ne1 Rce8 20. g4 Bc8 21. f3 Ng5 22. h4 Nh3+ 23. Kg2 fxg4 24. Qxg6 Nh7 25. Bd3 gxf3+ 26. Nxf3 e4 27. Bb1 Rxf3 28. Nd4 Rf2+ 29. Kh1 Rf6 30. Qg2 Nf2+ 31. Kg1 Nxd1 32. Rxd1 Nf8 33. Nc6 Qf7 34. Bxe4 Rxe4 35. Qxe4 Bf5 36. Ne7+ Kh8 37. Nxf5 Rxf5 38. Bf4 Qh5 39. Rd2 Rf6 40. Rg2 Rg6 41. Bg3 Be5 42. Bf4 Bxf4 43. Qxf4 Rxg2+ 44. Kxg2 Qg6+ 45. Kh3 Nd7 46. e4 Qf6 47. Qg4 Qg7 48. Qe6 Ne5 49. Qc8+ Kh7 50. Qf5+ Qg6 51. Qc8 Qf7 0-1

[Event "Aragon-ch Seniors 50+"]
[Site "Zaragoza"]
[Date "2019.05.01"]
[Round "2"]
[White "Rueda Pellicena, Fernando"]
[Black "Lebron Duran, Jose Maria"]
[Result "1-0"]
[WhiteElo "1517"]
[BlackElo "1784"]
[PlyCount "57"]
[EventDate "2019.04.27"]
[EventType "swiss"]
[EventRounds "8"]
[EventCountry "ESP"]
[SourceTitle "EXT 2020"]
[Source "ChessBase"]
[SourceDate "2019.10.17"]
[SourceVersion "1"]
[SourceVersionDate "2019.10.17"]
[SourceQuality "1"]

1. d4 d5 2. Bf4 e6 3. e3 Bd6 4. Bg3 Nf6 5. Bd3 0-0 6. Nf3 c5 7. c3 Nc6 8. Nbd2 a6 9. Ne5 Qe7 10. h4 Bd7 11. Qe2 b5 12. f4 Rfc8 13. Ndf3 c4 14. Bc2 Na5 15. Ng5 Be8 16. Nef3 h5 17. Ne5 g6 18. 0-0 Ra7 19. Rf2 Kg7 20. Raf1 Ng8 21. f5 exf5 22. Bxf5 Rcc7 23. Qf3 Nh6 24. Bb1 Nc6 25. Qxd5 Bxe5 26. dxe5 Nd8 27. e6 Rc5 28. Qd4+ Kg8 29. Bd6 1-0

[Event "Aragon-chT Preferente Gr II"]
[Site "Aragon"]
[Date "2018.03.17"]
[Round "8.63"]
[White "Requena Munguira, Jorge"]
[Black "Lebron Duran, Jose Maria"]
[Result "1-0"]
[WhiteElo "1907"]
[BlackElo "1835"]
[PlyCount "67"]
[EventDate "2018.01.27"]
[EventType "team-tourn"]
[EventRounds "9"]
[EventCountry "ESP"]
[SourceTitle "EXT 2019"]
[Source "ChessBase"]
[SourceDate "2018.10.10"]
[SourceVersion "1"]
[SourceVersionDate "2018.10.10"]
[SourceQuality "1"]
[WhiteTeam "El Olivar II"]
[BlackTeam "Dr Azua"]
[WhiteTeamCountry "ESP"]
[BlackTeamCountry "ESP"]

1. d4 d5 2. Nf3 Nf6 3. Bf4 e6 4. e3 c5 5. c3 Be7 6. h3 0-0 7. Bd3 b6 8. Nbd2 Nc6 9. Ne5 Bb7 10. g4 Nxe5 11. Bxe5 Ne4 12. Qc2 f6 13. Bg3 e5 14. Nxe4 dxe4 15. Bc4+ Bd5 16. Qb3 Bxc4 17. Qxc4+ Kh8 18. dxe5 fxe5 19. Qxe4 Bf6 20. Rd1 Qe7 21. Ke2 Qf7 22. Rd5 c4 23. Rhd1 Rae8 24. Rd7 Re7 25. Rxe7 Qxe7 26. Qxc4 Bh4 27. Qb4 Qxb4 28. cxb4 Bf6 29. Rd7 h5 30. g5 Rd8 31. Rxd8+ Bxd8 32. g6 Bf6 33. Kd3 e4+ 34. Kxe4 1-0

[Event "Aragon-chT Preferente Gr II"]
[Site "Aragon"]
[Date "2018.03.10"]
[Round "7.67"]
[White "Lebron Duran, Jose Maria"]
[Black "Garcia Estruch, Jorge"]
[Result "0-1"]
[WhiteElo "1835"]
[BlackElo "1785"]
[PlyCount "62"]
[EventDate "2018.01.27"]
[EventType "team-tourn"]
[EventRounds "9"]
[EventCountry "ESP"]
[SourceTitle "EXT 2019"]
[Source "ChessBase"]
[SourceDate "2018.10.10"]
[SourceVersion "1"]
[SourceVersionDate "2018.10.10"]
[SourceQuality "1"]
[WhiteTeam "Dr Azua"]
[BlackTeam "Sabinanigo"]
[WhiteTeamCountry "ESP"]
[BlackTeamCountry "ESP"]

1. e4 e5 2. Nf3 Nc6 3. c3 d5 4. Qa4 Qd6 5. d4 Bd7 6. Bb5 exd4 7. exd5 Qxd5 8. 0-0 a6 9. Re1+ Nge7 10. Nxd4 0-0-0 11. Nxc6 Nxc6 12. Bc4 Qf5 13. Na3 Na5 14. Qd1 Bxa3 15. Bd3 Qd5 16. c4 Nxc4 17. Qb3 Bc6 18. Be4 Rhe8 19. Qh3+ Bd7 20. Qf3 Bb4 21. Bf4 Qb5 22. Rec1 c6 23. a4 Qc5 24. Qg3 Rxe4 25. b3 Qd4 26. Bb8 Bd6 27. Bxd6 Nxd6 28. Rd1 Nf5 29. Qh3 Rde8 30. g3 Qxd1+ 31. Rxd1 Re1+ 0-1

[Event "Aragon-chT Preferente B"]
[Site "Aragon"]
[Date "2017.03.18"]
[Round "8.63"]
[White "Sancho Casale, Jesus"]
[Black "Lebron Duran, Jose Maria"]
[Result "1-0"]
[WhiteElo "1981"]
[BlackElo "1813"]
[PlyCount "59"]
[EventDate "2017.01.28"]
[EventType "team-tourn"]
[EventRounds "9"]
[EventCountry "ESP"]
[SourceTitle "EXT 2018"]
[Source "ChessBase"]
[SourceDate "2017.10.13"]
[SourceVersion "1"]
[SourceVersionDate "2017.10.13"]
[SourceQuality "1"]
[WhiteTeam "Tauste"]
[BlackTeam "Doctor Azua"]
[WhiteTeamCountry "ESP"]
[BlackTeamCountry "ESP"]

1. Nf3 e6 2. c4 c5 3. g3 g6 4. d4 Bg7 5. Nc3 cxd4 6. Nxd4 a6 7. Bg2 Qc7 8. 0-0 Qxc4 9. Ne4 Qxd4 10. Nd6+ Kf8 11. Be3 Qxd1 12. Rfxd1 Nc6 13. Nxb7 d5 14. Bc5+ Nge7 15. Nd6 Be5 16. Rac1 Kg7 17. e4 Rd8 18. exd5 exd5 19. Bxd5 Bg4 20. Bxc6 Nxc6 21. Rd5 Bxd6 22. Bxd6 Be6 23. Rd2 Ne7 24. Rcd1 Nc6 25. Rc1 Bd7 26. Bc7 Ra7 27. Bxd8 Ne5 28. Rc3 Bc6 29. Bb6 Nf3+ 30. Rxf3 1-0

[Event "Aragon-chT Preferente B"]
[Site "Aragon"]
[Date "2017.03.11"]
[Round "7.67"]
[White "Lebron Duran, Jose Maria"]
[Black "Castillo Sanjuan, Alejandro"]
[Result "0-1"]
[WhiteElo "1813"]
[BlackElo "2045"]
[PlyCount "66"]
[EventDate "2017.01.28"]
[EventType "team-tourn"]
[EventRounds "9"]
[EventCountry "ESP"]
[SourceTitle "EXT 2018"]
[Source "ChessBase"]
[SourceDate "2017.10.13"]
[SourceVersion "1"]
[SourceVersionDate "2017.10.13"]
[SourceQuality "1"]
[WhiteTeam "Doctor Azua"]
[BlackTeam "Palacio de Pioneros II"]
[WhiteTeamCountry "ESP"]
[BlackTeamCountry "ESP"]

1. e4 c5 2. d4 cxd4 3. c3 dxc3 4. Nxc3 Nc6 5. Nf3 d6 6. Bc4 Nf6 7. Qb3 e6 8. 0-0 a6 9. Qc2 Be7 10. Rd1 Bd7 11. a3 Qc7 12. Bg5 Ne5 13. Nxe5 dxe5 14. Ba2 Rc8 15. Rac1 b5 16. Qd3 Qb7 17. Bxf6 Bxf6 18. Qe2 0-0 19. Rd3 b4 20. Rcd1 bxc3 21. Rxd7 Qxb2 22. Qxb2 cxb2 23. Rb7 Rc1 24. Rf1 Rc2 25. Bb1 Rd2 26. Rc7 Bg5 27. Rc2 Rxc2 28. Bxc2 Rc8 29. Bb1 Rc3 30. a4 Ra3 31. Bc2 Bc1 32. Rd1 g6 33. Kf1 Rxa4 0-1

[Event "Aragon-chT Preferente B"]
[Site "Aragon"]
[Date "2017.01.28"]
[Round "1.67"]
[White "Obon Zuniga, Francisco"]
[Black "Lebron Duran, Jose Maria"]
[Result "1/2-1/2"]
[WhiteElo "1782"]
[BlackElo "1813"]
[PlyCount "55"]
[EventDate "2017.01.28"]
[EventType "team-tourn"]
[EventRounds "9"]
[EventCountry "ESP"]
[SourceTitle "EXT 2018"]
[Source "ChessBase"]
[SourceDate "2017.10.13"]
[SourceVersion "1"]
[SourceVersionDate "2017.10.13"]
[SourceQuality "1"]
[WhiteTeam "Marcos Frechin II"]
[BlackTeam "Doctor Azua"]
[WhiteTeamCountry "ESP"]
[BlackTeamCountry "ESP"]

1. d4 d5 2. c4 e5 3. dxe5 d4 4. Nf3 Nc6 5. Nbd2 Nge7 6. g3 Ng6 7. Bg2 Ngxe5 8. 0-0 Be7 9. b3 Bf6 10. Ne4 0-0 11. Nxf6+ Qxf6 12. Bb2 Rd8 13. Qd2 Bg4 14. Nxe5 Qxe5 15. e3 Qg5 16. f4 dxe3 17. Qxe3 Qg6 18. Rae1 Qd3 19. Bxc6 Qxe3+ 20. Rxe3 bxc6 21. Rfe1 h5 22. Bc3 Rd7 23. Kg2 Be6 24. Be5 Re8 25. Rf1 Rd2+ 26. Rf2 Bh3+ 27. Kf3 Bg4+ 28. Kg2 1/2-1/2

[Event "Zaragoza Province-ch Preferente"]
[Site "Zaragoza"]
[Date "2015.11.08"]
[Round "6"]
[White "Lebron Duran, Jose Maria"]
[Black "Gutierrez Barrachina, Jose Antonio"]
[Result "0-1"]
[WhiteElo "1818"]
[BlackElo "1983"]
[PlyCount "84"]
[EventDate "2015.09.27"]
[EventType "swiss"]
[EventRounds "6"]
[EventCountry "ESP"]
[SourceTitle "CBM 170 Extra"]
[Source "ChessBase"]
[SourceDate "2016.02.25"]
[SourceVersion "1"]
[SourceVersionDate "2016.02.25"]
[SourceQuality "1"]

1. e4 Nf6 2. e5 Nd5 3. d4 d6 4. c4 Nb6 5. exd6 cxd6 6. Nc3 g6 7. Be3 Bg7 8. Rc1 0-0 9. b3 Nc6 10. Be2 f5 11. d5 Ne5 12. f4 Ng4 13. Bxg4 fxg4 14. Nge2 e5 15. 0-0 Bf5 16. a4 Qe7 17. Qd2 Nd7 18. Ng3 b6 19. Nxf5 gxf5 20. fxe5 Nxe5 21. Ne2 Ng6 22. Nf4 Be5 23. Qf2 Rae8 24. Rce1 Qg7 25. Ne6 Rxe6 26. dxe6 f4 27. Qe2 fxe3 28. Kh1 Qh6 29. Rxf8+ Kxf8 30. Qf1+ Qf4 31. Qxf4+ Bxf4 32. g3 Bg5 33. Kg2 Ne5 34. h4 Bh6 35. Kf1 Nf3 36. Ke2 Nd4+ 37. Kd3 Nxe6 38. b4 Ke7 39. a5 bxa5 40. bxa5 Nc5+ 41. Ke2 Ne4 42. Kd3 Nxg3 0-1

[Event "Zaragoza Province-ch Preferente"]
[Site "Zaragoza"]
[Date "2015.10.04"]
[Round "2"]
[White "Lacruz Algarate, Alvaro"]
[Black "Lebron Duran, Jose Maria"]
[Result "1-0"]
[WhiteElo "1959"]
[BlackElo "1818"]
[PlyCount "69"]
[EventDate "2015.09.27"]
[EventType "swiss"]
[EventRounds "6"]
[EventCountry "ESP"]
[SourceTitle "CBM 170 Extra"]
[Source "ChessBase"]
[SourceDate "2016.02.25"]
[SourceVersion "1"]
[SourceVersionDate "2016.02.25"]
[SourceQuality "1"]

1. e4 e5 2. Nf3 Nc6 3. Bc4 Be7 4. 0-0 Nf6 5. Nc3 0-0 6. d4 d6 7. h3 exd4 8. Nxd4 Nxd4 9. Qxd4 b6 10. Bf4 Bb7 11. Rad1 Nd7 12. Nd5 Bf6 13. Nxf6+ Qxf6 14. Qxf6 gxf6 15. f3 Ne5 16. Bd5 Ba6 17. Bxa8 Bxf1 18. Kxf1 Rxa8 19. b3 Kf8 20. Bc1 Ke7 21. Bb2 a5 22. a4 Rg8 23. Kf2 Ke6 24. f4 Nd7 25. Rd5 Nc5 26. Kf3 Rg3+ 27. Kxg3 Nxe4+ 28. Kf3 Kxd5 29. c4+ Kc5 30. Kxe4 Kb4 31. Bxf6 c6 32. Bd8 Kxb3 33. Bxb6 Kxa4 34. Bc7 Kb3 35. Kd4 1-0

[Event "Zaragoza Primavera op 3rd"]
[Site "Zaragoza"]
[Date "2015.04.26"]
[Round "3"]
[White "Lebron Duran, Jose Maria"]
[Black "Lopez Guaita, Fernando"]
[Result "0-1"]
[WhiteElo "1804"]
[BlackElo "1967"]
[PlyCount "74"]
[EventDate "2015.04.12"]
[EventType "swiss"]
[EventRounds "9"]
[EventCountry "ESP"]
[SourceTitle "EXT 2016"]
[Source "ChessBase"]
[SourceDate "2015.10.08"]
[SourceVersion "1"]
[SourceVersionDate "2015.10.08"]
[SourceQuality "1"]

1. e4 c5 2. d4 cxd4 3. c3 d3 4. Bxd3 Nc6 5. Nf3 d6 6. Be3 g6 7. Bc4 Bg7 8. 0-0 Nf6 9. Nbd2 0-0 10. a4 a6 11. Qc2 Rb8 12. h3 b5 13. axb5 axb5 14. Be2 b4 15. Nd4 Nxd4 16. Bxd4 Be6 17. Ra7 bxc3 18. Bxc3 Bh6 19. Rfa1 Rc8 20. Bb5 Bxd2 21. Qxd2 Nxe4 22. Qd3 Nxc3 23. bxc3 Bf5 24. Qe2 Rc5 25. c4 Re5 26. Qd2 Be4 27. Rd7 Qb6 28. Ra6 Qc5 29. Raa7 Rg5 30. g4 Re5 31. Rdc7 Qb6 32. Qf4 Qd4 33. Qe3 Qd1+ 34. Kh2 Qh1+ 35. Kg3 Qg1+ 36. Kh4 g5+ 37. Kh5 Bg6+ 0-1